Responses for Show #5661 - Monday, March 30, 2009

Contestants

[<< previous game]

John Pitzel, an account manager from Lee's Summit, Missouri

Anne Reilly, a stay-at-home mom from Stow, Massachusetts

Fred Beukema, a structural engineer from Minneapolis, Minnesota (whose 3-day cash winnings total $69,401)

[next game >>]

Jeopardy! Round responses

1899
MUSICAL HEART CONDITIONS
AUTHORS & THEIR SLEUTHS
PERSONAL FOWLS
I'M LATIN INTOLERANT
THE END OF THE MARATHON
(Alex: You have to identify the race for us.)
    $200 16
Italy

Fred
    $200 21
"Heart of Glass"

Anne
    $200 1
Dashiell Hammett

Fred
    $200 26
-poor-will

John
    $200 11
Anno Domini

Fred
    $200 6
the Boston Marathon

John
    $400 17
"Cinderella"

Fred
    $400 22
"Achy Breaky Heart"

John
    $400 2
(Anne: Who is...)
(Alex: You know it.)
(Anne: Oh, I do, but it's not coming.)

Sue Grafton

Anne
Triple Stumper
    $400 27
the condor

Anne
    $400 12
et al.

Anne
    $400 7
the London Marathon

Fred
    $600 18
the Boer War

Fred
    $600 23
"Heart Attack"

Anne
    $600 3
(Edgar Allan) Poe

John
    $600 28
(John James) Audubon

Anne
    $600 13
emeritus

Anne
    $1,000 8
the Chicago Marathon

Fred
    $800 19
McKinley

Fred
    $800 24
"Cold Hearted Snake"

Fred
    $800 4
James Patterson

Triple Stumper
    $800 29
a cassowary

John
    $800 14
pro tem

John
    $800 9
the Honolulu Marathon

Triple Stumper
    $1000 20
Librarian of Congress

Anne
    $1000 25
"Dyslexic Heart"

Fred
    $1000 5
Walter Mosley

Triple Stumper
    $1000 30
a peacock

John
    $1000 15
de facto

Fred
    $1000 10
(John: What is the Berlin Marathon?)

Vienna

John
Triple Stumper

Scores at the first commercial break (after clue 15):

Fred Anne John
$2,800 $600 $600

Scores at the end of the Jeopardy! Round:

Fred Anne John
$6,600 $3,400 $3,000

Double Jeopardy! Round responses

MILITARY ABBREV.
1980s MOVIE CHARACTERS
(Alex: We want you to name the famous teacher in this category...)
IF THEY'D TAUGHT AEROBICS INSTEAD
FIRST LADIES' RHYME TIME
FACE
"THE" NATION
    $400 1
standard operating procedure

John
    $400 6
Ferris Bueller

John
    $400 11
Anne Sullivan

Anne
    $400 16
Jackie's khakis

Anne
    $400 21
John Brown

John
    $400 22
the United Kingdom

John
    $800 2
a drill instructor

John
    $800 7
the Terminator

Fred
    $800 12
Socrates

John
    $800 17
Dolley's volleys

Fred
    $800 24
Saint Joan of Arc

Anne
    $800 23
the Philippines

Anne
    $1200 3
mine

Fred
    $1200 8
The Princess Bride

Fred
    $1200 13
Buddha

Triple Stumper
    $1200 18
Grace's races

Anne
    $1200 25
Charles Dickens

Fred
    $1,200 28
the United Arab Emirates

Fred
    $1600 4
ballistic

John
    $1600 9
(Alex: If you build it, they will come.)

Field of Dreams

John
    $1600 14
Stella Adler

Fred
    $1600 19
(Anne: What are Lou's taboos?)

Lou's boos

Anne
Triple Stumper
    $1600 26
(John: Who is Darwin?)

Karl Marx

AnneJohn
    $1600 29
the Czech Republic (or the Slovak Republic)

Anne
    $2000 5
(Fred: What is condition 2?)

command & control

Fred
Triple Stumper
    $2000 10
Short Round

John
    $2,000 15
(Fred: Who is Bobby Knight?)

Alfred Kinsey

Fred
    $2000 20
[Anne pronounces "aunts" as "onts".]
...
(Anne: That doesn't rhyme for me, but...)
(Alex: Or Graunt's ants!)

Grant's aunts

Anne
    $2000 27
Rasputin

Fred
    $2000 30
the Bahamas

Triple Stumper

Scores at the end of the Double Jeopardy! Round:

Fred Anne John
$12,600 $10,600 $9,800

[wagering suggestions for these scores]

Final Jeopardy! Round responses

ARTISTS
JohnWho are Goya + Vermeer?
$9,000
AnneWho are Goya and Van Gogh?
$10,600
FredWho are Goya & Rembrandt?
$8,601
Goya & van Gogh

Final scores:

Fred Anne John
$3,999 $21,200 $800
2nd place: $2,000 New champion: $21,200 3rd place: $1,000

Game dynamics:

Coryat scores:

Fred Anne John
$14,200 $10,600 $9,800
19 R
(including 2 DDs),
2 W
(including 1 DD)
15 R,
2 W
16 R,
2 W

Combined Coryat: $34,600

[game clues] [game scores] [suggest correction]

Game tape date: 2009-01-28
The J! Archive is created by fans, for fans. Scraping, republication, monetization, and malicious use prohibited; this site may use cookies and collect identifying information. See terms. The Jeopardy! game show and all elements thereof, including but not limited to copyright and trademark thereto, are the property of Jeopardy Productions, Inc. and are protected under law. This website is not affiliated with, sponsored by, or operated by Jeopardy Productions, Inc. Join the discussion at JBoard.tv.